| 000 | 01039nam a2200289 i 4500 | ||
|---|---|---|---|
| 003 | CO-BoRNBP | ||
| 005 | 20250123143027.0 | ||
| 007 | ta | ||
| 008 | 250123s2022 Uy a|||| |||| 00| 0 spa d | ||
| 020 | _a9789915662886 | ||
| 040 |
_aCO-BoRNBP _bspa _cCO-BoRNBP _erda |
||
| 041 | _aspa | ||
| 084 | _aC MOS | ||
| 100 | 1 |
_aMoss, Stephanie _eautor _957514 |
|
| 245 |
_aPastel para el desayuno _bNunca es muy temprano para celebrar/ _cStephanie Moss; traducción, Equipo Editorial Latinbooks; ilustraciones, Francesca De Luca |
||
| 250 | _aPrimera edición | ||
| 264 | 4 |
_aMontevideo, Uruguay, _b©Latinbooks International S.A _c2022 |
|
| 300 |
_a24 páginas, _bilustraciones a color, tapa dura, _calto 26 cm ancho 26 cm |
||
| 336 |
_2rdacontent _atexto _btxt |
||
| 337 |
_2rdamedia _asin mediación _bn |
||
| 338 |
_2rdacarrier _avolumen _bnc |
||
| 490 |
_aCometa brillante _pCreciendo |
||
| 650 |
_2LEMB _aLiteratura infantil _92746 |
||
| 650 |
_2LEMB _aCuentos con rima _957515 |
||
| 650 |
_2LEMB _aResponsabilidad _957681 |
||
| 942 |
_2ddc _cBKINF |
||
| 999 |
_c56819 _d56819 |
||